El caso de A. Wagner y Levien Sucs., S. en C. (Record no. 4522)

MARC details
000 -CABECERA
campo de control de longitud fija 00889nam a2200253 a 4500
001 - NÚMERO DE CONTROL
campo de control BRCA_4826
005 - FECHA Y HORA DE LA ÚLTIMA TRANSACCIÓN
campo de control 20190320204825.0
008 - DATOS DE LONGITUD FIJA--INFORMACIÓN GENERAL
campo de control de longitud fija 131010s1935----mx-#######---#000-0#spa-#
041 ## - CÓDIGO DE LENGUA
Código de lengua del texto/banda sonora o título independiente spa
044 ## - CÓDIGO DEL PAÍS DE LA ENTIDAD EDITORA/PRODUCTORA
Código MARC del país mx
050 #4 - SIGNATURA TOPOGRÁFICA DE LA BIBLIOTECA DEL CONGRESO
Número de clasificación KF1266
Número de documento/Ítem .T73 1935
100 1# - ENTRADA PRINCIPAL--NOMBRE DE PERSONA
Nombre de persona Trautvetter, A.
9 (RLIN) 12231
245 10 - MENCIÓN DE TÍTULO
Título El caso de A. Wagner y Levien Sucs., S. en C.
Mención de responsabilidad, etc. A. Trautvetter ; M. Adriansen ; H. Borgmann.
260 ## - PUBLICACIÓN, DISTRIBUCIÓN, ETC.
Lugar de publicación, distribución, etc. México
Nombre del editor, distribuidor, etc. Imprenta Mundial
Fecha de publicación, distribución, etc. 1935
300 ## - DESCRIPCIÓN FÍSICA
Extensión 29 p.
Dimensiones 17 cm.
500 ## - NOTA GENERAL
Nota general Exposición de los hechos que hacen los liquidadores de esa Sociedad a las HH. Cámaras de Comercio de la Ciudad de México y Alemania, en interés del comercio en general
500 ## - NOTA GENERAL
Nota general CFG77
650 14 - PUNTO DE ACCESO ADICIONAL DE MATERIA--TÉRMINO DE MATERIA
Término de materia o nombre geográfico como elemento de entrada Bolsa de valores
Subdivisión geográfica México
9 (RLIN) 11442
650 14 - PUNTO DE ACCESO ADICIONAL DE MATERIA--TÉRMINO DE MATERIA
Término de materia o nombre geográfico como elemento de entrada Especulaciones comerciales
Subdivisión geográfica México
9 (RLIN) 12232
700 1# - PUNTO DE ACCESO ADICIONAL--NOMBRE DE PERSONA
Nombre de persona Adriansen, M.
9 (RLIN) 12233
700 1# - PUNTO DE ACCESO ADICIONAL--NOMBRE DE PERSONA
Nombre de persona Borgmann, H.
9 (RLIN) 12234
902 ## - CATALOGADOR
Iniciales GFM
942 ## - ELEMENTOS DE PUNTO DE ACCESO ADICIONAL (KOHA)
Fuente del sistema de clasificación o colocación Library of Congress Classification
Tipo de ítem Koha Libros
Holdings
Estado de retiro Estado de pérdida Estado dañado No para préstamo Localización permanente Ubicación/localización actual Fecha de adquisición Número de inventario Total de préstamos Signatura topográfica completa Código de barras Fecha visto por última vez Precio válido a partir de Tipo de ítem Koha
El ejemplar forma parte de la colección y puede ser consultado según las políticas vigentes.       Biblioteca del Museo Franz Mayer (Rogerio Casas-Alatriste) Biblioteca del Museo Franz Mayer (Rogerio Casas-Alatriste) 13/10/2010 CFG77   KF1266 .T73 1935 (CFG77) 4859 22/03/2019 22/03/2019 Libros